Úroveň výživy obyvateľstva na Slovensku a jej medzinárodná komparácia s krajinami Európskej únie

Príčiny nedostatkov vo vývoji výživy obyvateľstva v SR na základe výsledkov komparatívnej analýzy. Vývoj spotreby potravín podľa potravinových skupín (mäso, mlieko a mliečne výrobky, obilniny, zemiaky, strukoviny, zelenina, ovocie, alkoholické a nealkoholické nápoje). Spotreba potravín vyjadrená vo...

Full description

Saved in:
Bibliographic Details
Main Author: Štanga, R.
Format: Book Chapter
Language:Slovak
Subjects:
Tags: Add Tag
No Tags, Be the first to tag this record!

MARC

LEADER 00000naa a2200000 4500
001 r025669
005 20230921122314.3
041 0 |a slo 
044 |a SK 
245 1 0 |a Úroveň výživy obyvateľstva na Slovensku a jej medzinárodná komparácia s krajinami Európskej únie  |c R. Štanga 
520 |a Príčiny nedostatkov vo vývoji výživy obyvateľstva v SR na základe výsledkov komparatívnej analýzy. Vývoj spotreby potravín podľa potravinových skupín (mäso, mlieko a mliečne výrobky, obilniny, zemiaky, strukoviny, zelenina, ovocie, alkoholické a nealkoholické nápoje). Spotreba potravín vyjadrená vo výživových hodnotách. Stupeň sebestačnosti v štátoch Európskej únie. 
610 2 0 |a výživa 
610 2 0 |a obyvateľstvo 
610 2 0 |a Slovensko 
610 2 0 |a Európska únia 
610 2 0 |a spotreba potravín 
610 2 0 |a potraviny 
610 2 0 |a analýza komparatívna 
100 1 |a Štanga, R.